书目信息 |
| 题名: |
建未来学校 成学校未来
|
|
| 作者: | 李蓓 主编 | |
| 分册: | ||
| 出版信息: | 成都 四川大学出版社 2020.06 |
|
| 页数: | 254页 | |
| 开本: | 24cm | |
| 丛书名: | ||
| 单 册: | ||
| 中图分类: | G622.0 | |
| 科图分类: | ||
| 主题词: | 小学教育--Xiao Xue Jiao Yu--教育研究--成都 | |
| 电子资源: | ||
| ISBN: | 978-7-5690-3749-4 | |
| 000 | 01111nam0 2200265 450 | |
| 001 | 0103152641 | |
| 005 | 20201103152729.0 | |
| 010 | @a978-7-5690-3749-4@dCNY62.50 | |
| 100 | @a20200821d2020 em y0chiy50 ea | |
| 101 | 0 | @achi |
| 102 | @aCN@b510000 | |
| 105 | @aa z 000yy | |
| 106 | @ar | |
| 200 | 1 | @a建未来学校 成学校未来@AJian Wei Lai Xue Jiao Cheng Xue Jiao Wei Lai@f李蓓[等]主编 |
| 210 | @a成都@c四川大学出版社@d2020.06 | |
| 215 | @a254页@c图@d24cm | |
| 304 | @a主编还有:夏英、刘晓虹、何国强、严利蓉 | |
| 312 | @a封底英文题名:Future school takes our school to the future | |
| 330 | @a本书基于教学实践经验,探讨如何建立面向未来的学校,培养面向未来的学生。本书内容由五部分组成:“未来+本来”建未来学校、“智能+智慧”润文雅学生、“文化+专业”养未来教师、“共性+个性”探“小学生、大课程”、“横跨+纵深”构未来课堂、“数据+人文”创现代后勤。 | |
| 510 | 1 | @aFuture school takes our school to the future@zeng |
| 606 | 0 | @a小学教育@AXiao Xue Jiao Yu@x教育研究@y成都 |
| 690 | @aG622.0@v5 | |
| 701 | 0 | @a李蓓@ALi Bei@4主编 |
| 801 | 0 | @aCN@bBJSZM@c20201103 |
| 905 | @b1255056-60@dG622.0@e1008@f5 | |
| 建未来学校 成学校未来/李蓓[等]主编.-成都:四川大学出版社,2020.06 |
| 254页:图;24cm |
| ISBN 978-7-5690-3749-4:CNY62.50 |
| 本书基于教学实践经验,探讨如何建立面向未来的学校,培养面向未来的学生。本书内容由五部分组成:“未来+本来”建未来学校、“智能+智慧”润文雅学生、“文化+专业”养未来教师、“共性+个性”探“小学生、大课程”、“横跨+纵深”构未来课堂、“数据+人文”创现代后勤。 |
| ● |
| 相关链接 |
|
|
|
|
正题名:建未来学校 成学校未来
索取号:G622.0/1008
 
预约/预借
| 序号 | 登录号 | 条形码 | 馆藏地/架位号 | 状态 | 备注 |
| 1 | 1255056 | 212550568 | 第一样本阅览室/ [索取号:G622.0/1008] | 在馆 | |
| 2 | 1255057 | 212550577 | 教育系资料室/ [索取号:G622.0/1008] | 在馆 | |
| 3 | 1255058 | 212550586 | 教育系资料室/ [索取号:G622.0/1008] | 在馆 | |
| 4 | 1255059 | 212550595 | 第四借阅区/ [索取号:G622.0/1008] | 在馆 | |
| 5 | 1255060 | 212550602 | 第四借阅区/ [索取号:G622.0/1008] | 在馆 |